| 000 | 00702nam a2200241 a 4500 | ||
|---|---|---|---|
| 999 |
_c54683 _d54683 |
||
| 005 | 20240528063645.0 | ||
| 008 | 991125s1993 mx 000 0 spa u | ||
| 020 | _a9682955572 | ||
| 035 | _aUPN01000054683 | ||
| 040 |
_aUPN _bspa _cUPN |
||
| 049 | _aCG | ||
| 050 | 4 |
_aPQ7104 _bL58 no. 52 |
|
| 100 | 1 |
_aTablada, José Juan, _d1871-1945 |
|
| 245 | 1 | 4 |
_aLas sombras largas / _cJosé Juan Tablada |
| 260 |
_aMéxico : _bCNCA, _c1993 |
||
| 300 | _a472 p | ||
| 440 | 0 |
_aLecturas mexicanas. Tercera serie; _v52 |
|
| 650 | 4 |
_aPROSA LITERARIA MEXICANA _914842 |
|
| 710 | 2 |
_aConsejo Nacional para la Cultura y las Artes (México) _910236 |
|
| 904 |
_aAC _b054686 |
||
| 905 | _aLibro | ||
| 942 |
_2lcc _cLIBRO |
||